000 00713nam a22002057a 4500
005 20251108163331.0
008 250721s2008 xx 000 0 ara d
082 1 4 _a373.246/أنص
100 1 _aالأنصاري، عيسى بن حسن
_eمؤلف
245 1 0 _aمن التعليم إلى العمل تدريب و توظيف الشباب /
246 1 1 _aFROM SCHOOL TO WORK ... YOUTH TRAINING AND EMPLOYMENT
264 1 _aبيروت :
_bالمؤسسة العربية للدراسات و النشر،
_c2008.
300 _a231 ص.
650 1 7 _aالتدريب المهني
650 1 7 _aالبطاله
650 1 7 _aالمدارس المهنيه
653 _aالتوظيف
942 _2ddc
_cBK
999 _c77
_d77